Rekvalifikácie dospelých občanov so zmenenou pracovnou schopnosťou

Súčasné podmienky zamestnávania a rekvalifikácie telesne postihnutých občanov. Pravidlá rekvalifikácie evidovaného nezamestnaného a zamestnanca. Akreditácia vzdelávacích zariadení určených na rekvalifikáciu.

Gespeichert in:
Bibliographische Detailangaben
1. Verfasser: Mattovičová, Ľubica
Format: Buchkapitel
Sprache:Slowakisch
Schlagworte:
Tags: Tag hinzufügen
Keine Tags, Fügen Sie das erste Tag hinzu!

MARC

LEADER 00000naa a2200000 4500
001 r034804
005 20230918123106.7
041 0 |a slo 
044 |a SK 
245 1 0 |a Rekvalifikácie dospelých občanov so zmenenou pracovnou schopnosťou  |c Ľubica Mattovičová 
520 |a Súčasné podmienky zamestnávania a rekvalifikácie telesne postihnutých občanov. Pravidlá rekvalifikácie evidovaného nezamestnaného a zamestnanca. Akreditácia vzdelávacích zariadení určených na rekvalifikáciu. 
610 2 0 |a rekvalifikácia 
610 2 0 |a osoby so zníženou pracovnou schopnosťou 
610 2 0 |a schopnosti pracovné zmenené 
610 2 0 |a akreditácia 
610 2 0 |a nezamestnanosť 
610 2 0 |a zamestnanci 
100 1 |a Mattovičová, Ľubica